All Cruiser Classes of the RN - Statistics

General Stats
  • This quiz has been taken 4 times
  • The average score is 19 of 67
Answer Stats
Year they were first laid down Number of ships in class Answer % Correct
1914 28 C
100%
1924 13 County
100%
1937 16 Dido
100%
1903 2 Duke of Edinburgh
100%
1918 2 Emerald
100%
1938 11 Fiji
100%
1916 5 Hawkins
100%
1880 4 Leander
100%
1930 8 Leander
100%
1905 3 Minotaur
100%
1941 3 Minotaur
100%
1912 1 Tiger
100%
1941 3 Tiger
100%
1909 21 Town
100%
1934 10 Town
100%
1927 2 York
100%
1912 8 Arethusa
50%
1933 4 Arethusa
50%
1898 6 Cressy
50%
1874 2 Nelson
50%
1873 1 Shannon
50%
1939 6 Abdiel
0%
1910 3 Active
0%
1916 1 Admiral
0%
1904 2 Adventure
0%
1922 1 Adventure
0%
1889 21 Apollo
0%
1885 8 Archer
0%
1895 4 Arrogant
0%
1891 8 Astraea
0%
1888 2 Barham
0%
1888 4 Barracouta
0%
1888 2 Blake
0%
1909 2 Blonde
0%
1907 2 Boadicea
0%
1881 2 Calypso
0%
1900 2 Challenger
0%
1876 9 Comus
0%
1915 3 Courageous
0%
1916 8 Danae
0%
1902 6 Devonshire
0%
1895 8 Diadem
0%
1899 4 Drake
0%
1893 9 Eclipse
0%
1889 9 Edgar
0%
1903 2 Forward
0%
1897 3 Highflyer
0%
1881 2 Imperieuse
0%
1909 3 Indefatigable
0%
1906 3 Invincible
0%
1875 2 Iris
0%
1909 2 Lion
0%
1887 5 Marathon
0%
1883 4 Mersey
0%
1899 10 Monmouth
0%
1885 7 Orlando
0%
1903 2 Pathfinder
0%
1889 9 Pearl
0%
1896 11 Pelorus
0%
1894 2 Powerful
0%
1911 1 Queen Mary
0%
1915 2 Renown
0%
1884 2 Scout
0%
1903 2 Sentinel
0%
1884 2 Surprise
0%
1902 8 Topaze
0%
1904 4 Warrior
0%
No matching quizzes found
Score Distribution
Percent of People with Each Score
Percentile by Number Answered
Your Score History
You have not taken this quiz